书目信息 |
| 题名: |
金属建筑设计与施工
|
|
| 作者: | 弗罗利奇, , 舒莱恩堡, 著 ;付晓渝 , 李琳 译 | |
| 分册: | ||
| 出版信息: | 北京 中国电力出版社 2006.03 |
|
| 页数: | 104页 | |
| 开本: | 28cm | |
| 丛书名: | ||
| 单 册: | ||
| 中图分类: | TU39 | |
| 科图分类: | ||
| 主题词: | 金属结构 : 建筑结构--jin shu jie gou:jian zhu jie gou--结构设计 | |
| 电子资源: | ||
| ISBN: | 7-5083-3985-1 | |
| 000 | 01056nam0 2200253 450 | |
| 001 | 012006380390 | |
| 005 | 20060421111551.28 | |
| 010 | @a7-5083-3985-1@dCNY50.00 | |
| 100 | @a20060421d2006 km y0chiy0120 ea | |
| 101 | 1 | @achi@cger |
| 102 | @aCN@b110000 | |
| 105 | @aa z 000yy | |
| 200 | 1 | @a金属建筑设计与施工@Ajin shu jian zhu she ji yu shi gong@f(德) 弗罗利奇 (Frohlich,B.), 舒莱恩堡 (Schulenburg,S.) 著@F(de)fu luo li qi(Frohlich,B.),shu lai en bao(Schulenburg,S.)zhu@g付晓渝, 李琳译@Gfu xiao yu,li lin yi |
| 210 | @a北京@c中国电力出版社@d2006.03 | |
| 215 | @a104页@c图@d28cm | |
| 330 | @a本书列举了多个著名的金属建筑设计案例及建筑技术,并详细说明了建筑施工方法。非常具有参考价值。 | |
| 606 | 0 | @a金属结构 : 建筑结构@Ajin shu jie gou:jian zhu jie gou@x结构设计 |
| 690 | @aTU39@v4 | |
| 701 | 1 | @a弗罗利奇,@Afu luo li qi,@bB.@g(Frohlich, B.)@4著 |
| 701 | 1 | @a舒莱恩堡,@Ashu lai en bao,@bS.@g(Schulenburg, S.)@4著 |
| 702 | 0 | @a付晓渝@Afu xiao yu@4译 |
| 702 | 0 | @a李琳@Ali lin@4译 |
| 801 | 0 | @aCN@bQSSK@c20060421 |
| 905 | @a10447@dTU39@eF593 | |
| 金属建筑设计与施工/(德) 弗罗利奇 (Frohlich,B.), 舒莱恩堡 (Schulenburg,S.) 著/付晓渝, 李琳译.-北京:中国电力出版社,2006.03 |
| 104页:图;28cm |
| ISBN 7-5083-3985-1:CNY50.00 |
| 本书列举了多个著名的金属建筑设计案例及建筑技术,并详细说明了建筑施工方法。非常具有参考价值。 |
| ● |
| 相关链接 |
|
|
|
正题名:金属建筑设计与施工
索取号:TU39/F593
 
预约/预借
| 序号 | 登录号 | 条形码 | 馆藏地/架位号 | 状态 | 备注 |
| 1 | 558810 | 205588103 | 建筑库101/101建筑库 89排2列3层/ [索取号:TU39/F593] | 在馆 | |
| 2 | 558811 | 205588112 | 建筑库101/101建筑库 89排2列3层/ [索取号:TU39/F593] | 在馆 | |
| 3 | 558812 | 205588121 | 建筑库101/101建筑库 89排2列3层/ [索取号:TU39/F593] | 在馆 |